Divízny systém ekonomického vyhodnocovania lôžkového zariadenia zárukou konsolidácie koncových nemocníc je odborná, organizačná a hospodárska samostatnosť oddelení

Bibliographic Details
Main Author: Voleková, Mária (Author)
Format: Article
Language:Slovak
PhysicalDescription:Fotogr.
ISSN:1335-4477
Subjects:

MARC

LEADER 00000nab a2200000 a 4500
001 vtls008938527
003 SK-MaSNL
005 20260303071254.0
008 140303c2006 xo wrzp 0 0slo
015 |a SNBRB2007/01  |2 snkbucl 
040 |a SNKBUCL  |b slo  |c SNKBUCL  |e AACR2 
041 0 |a slo 
044 |a xo  |c SK 
080 |a 614.2:725.51:658.15  |2 1997 
100 1 |a Voleková, Mária  |4 aut  |9 475790 
245 1 0 |a Divízny systém ekonomického vyhodnocovania lôžkového zariadenia  |b zárukou konsolidácie koncových nemocníc je odborná, organizačná a hospodárska samostatnosť oddelení  |c Mária Voleková 
300 |a Fotogr. 
650 0 7 |a nemocnice  |x hospodárenie  |x vyhodnocovanie  |2 snkbucl  |9 1068862 
773 0 |t Zdravotnícke noviny  |g Roč. XII, č. 2 (2007), s. 7  |x 1335-4477 
852 |a SNK  |b KIS3GCP 
958 |a MI 
958 |a SK 
999 |c 1759113  |d 1761043